| 000 | 00752nam a2200229 a 4500 | ||
|---|---|---|---|
| 999 |
_c11886 _d11886 |
||
| 001 | 11886 | ||
| 003 | BD-JhCC | ||
| 005 | 20201123130639.0 | ||
| 008 | 201123s2019 bg a|||| ||a| 000 0 ben d | ||
| 020 | _a9789845262101 | ||
| 035 | _a(BD-JhCC)11886 | ||
| 040 |
_aBD-JhCC _dBD-JhCC |
||
| 041 | _aben | ||
| 082 |
_a891.3 _bMEH 2019 |
||
| 100 | _aমেহেদী, আসিফ | ||
| 245 |
_aসায়েন্স ফিকশন ট্রুপিটু: _bপৃথিবীর মহাবিপদ / _cআসিফ মেহেদী । |
||
| 260 |
_aঢাকা: _bঅনিন্দ্য প্রকাশ; _c২০১৯. |
||
| 300 |
_a79 p. : _c22 cm. |
||
| 650 | _aBengali Science Fiction | ||
| 942 |
_2ddc _cBK _02 |
||